000 00529nam a2200193 a 4500
001 1777027203485
003 YourLibrary
005 20260424161208.0
008 260424s2009##################000#0#eng##
020 _a9781412965774
082 0 4 _a344.73071ESS
100 1 _aEssex, Nathan L.,
_eauthor.
245 1 0 _aThe 200 Most Frequently Asked Legal Questions for Educators :
260 _bCorwin Press,
_c2009.
300 _a337 pages
650 0 _aEducation.
942 _cENGLISH
040 _aYourLibrary
_beng
_cYourLibrary
999 _c619854
_d619854